000 01011nas a2200337 4500
001 BR0704838
003 BR-BrBNA
005 20231205110942.0
007 ta
008 230509b bl.|||p| |||| 00| 00por d
040 _aBR-BrBNA
_bpor
_cBiblioteca Nacional de Agricultura
041 _a(Pt)
072 _aL73
100 1 _aAlves, C.G.T.
100 1 _aSilva, F.F.
100 1 _aMelo, L.E.H.
100 1 _aSantos, N.V.M.
100 1 _aSilva Junior, F.F.
100 1 _aMachado, P.P.
245 1 _aSusceptibilidade de femeas adultas das raças Holandesa, Pardo Suiça e Girolanda às afecções podais no agreste setentrional de Pernambuco
650 _aBOVINO
650 _aRAÇA
650 _aLESÃO
650 _aCASCO
650 _aETIOLOGIA
650 _aPERNAMBUCO
773 0 _tMedicina Veterinaria (Brazil)
_xISSN 1809-4678
_g(Jan-Jun 2007), v. 1(1) p. 14-18
_wBR0704838
856 4 0 _dLink DSPACE/MAPA BR0704838
909 _a202311
_bLúcia
_c55
_dLúcia Elande
942 _2AGRIS
_n0
_cANA
999 _c189912
_d189912